| 000 | 00978nam a2200229 a 4500 | ||
|---|---|---|---|
| 001 | 000029006 | ||
| 005 | 20200930055254.0 | ||
| 008 | 110208s2000 dr a 000 0 spa d | ||
| 040 |
_aDO-SdBNP _bspa _cBNPHU |
||
| 082 |
_a304.6 _bR696i |
||
| 100 | 1 |
_aRodríguez Sepúlveda, Bienvenida _951155 |
|
| 245 | 1 | 0 |
_aIntroducción al lenguaje demográfico / _cBienvenida Rodríguez Sepúlveda, Ramón Orlando Jiménez Pérez, Juan Antonio Cruz Triffolio. |
| 250 | _a2a ed. | ||
| 260 |
_aSanto Domingo : _bSecretaría de Estado de Salud Pública y Asistencia Social ; _bConsejo Nacional de Población y Familia (CONAPOFA), _c2000 _fEditorial el Nuevo Diario |
||
| 300 |
_a51 P. : _bil. ; _c22 cm. |
||
| 490 | 1 |
_aCuadernos de Población y Familia _vno. 1 |
|
| 650 | 4 |
_aDemografía _xTerminología _951156 |
|
| 700 | 1 |
_aJiménez Pérez, Ramón Orlando _955930 |
|
| 700 | 1 |
_aCruz Triffolio, Juan Antonio _955931 |
|
| 830 | 0 |
_aCuadernos de Población y Familia _nno. 1 _951157 |
|
| 049 | _aBNPD | ||
| 999 |
_c28498 _d28498 |
||